RTI meets writer’s workshop: tiered strategies for all levels of writers and every phase of writing

Saved in:
Bibliographic Details
Main Author: MORRIS, Lisa
Format: Book
Language:English
Published: Corwin, 2013.
Tags: Add Tag
No Tags, Be the first to tag this record!

MARC

LEADER 00000nam a22000007a 4500
008 210416b ||||| |||| 00| 0 eng d
020 |a 978-1-4522-2992-8 
100 |a MORRIS, Lisa. 
245 |a RTI meets writer’s workshop:   |b tiered strategies for all levels of writers and every phase of writing  |c Lisa Morris.  |g viii, 131p. 
260 |b Corwin,   |c 2013.  |h Thousand Oaks, CA:   |i 692533   |i 692534   |l LB1576 .M83  |m Writers’ workshops – United States.  |m English language – Composition and exercises – Study and teaching (Elementary) – United States.  |m Response to intervention (Learning disabled children) – United States. 
500 |a “It includes references and index”. 
942 |a lcc  |c BK  |e Adeniran F. A  |f 16/04/2021 
952 |0 0  |1 0  |2 lcc  |4 0  |6 LB1576 M83  |7 0  |9 2150  |a HOL  |b ART  |c LP  |d 2021-04-16  |l 0  |o LB1576 .M83  |p 2021-6004  |r 2021-04-16 00:00:00  |w 2021-04-16  |y BK 
952 |0 0  |1 0  |2 lcc  |4 0  |6 LB1576 M83  |7 0  |9 2151  |a HOL  |b HOL  |c LP  |d 2021-04-16  |l 0  |o LB1576 .M83  |p 2021-6005  |r 2021-04-16 00:00:00  |w 2021-04-16  |y BK 
999 |c 1117  |d 1117